000 00510cam a22002051 4500
001 sa 68007102
003 DLC
005 20260227112520.0
008 881028s1967 xx 000 0 benr
010 _asa 68007102
035 _a(OCoLC)23560222
040 _aDLC
_cMiU
_dDLC
042 _apremarc
050 0 0 _aPK1718.M796
_bB35
100 1 _aMukhopādhyāẏa, Śailajānanda,
_d1901-1976.
245 1 0 _aBau-bau khelā.
260 _a[n.p.]
_c[1967]
300 _a102 p.
_c23 cm.
500 _aRomanized.
999 _c81624
_d81624